| 000 | 00356nam a22001457a 4500 | ||
|---|---|---|---|
| 020 | _a9789027706058 | ||
| 082 |
_a664 _bLEN/FO |
||
| 100 |
_aLeniger, H .A _9105 |
||
| 245 | _aFood Process Engineering | ||
| 260 |
_aHolland _bD. Reidel Publishing _c1975 |
||
| 300 | _a552 | ||
| 650 |
_aFood Engineering _9106 |
||
| 700 |
_aBeverloo, W.A _9107 |
||
| 942 | _cBK | ||
| 999 |
_c14106 _d14106 |
||